| 000 | 00373cam a2200145ua 4500 | ||
|---|---|---|---|
| 003 | OSt | ||
| 008 | 250320b |||||||| |||| 00| 0 eng d | ||
| 041 | _aeng | ||
| 082 |
_a621.942 _bSCH/TE |
||
| 100 |
_aSchlayer, Werner . _97308 |
||
| 245 | _aTechnical fundamentals: the lathe / | ||
| 260 |
_aMumbai : _bAsia Publishing House , _c1968. |
||
| 300 | _a108 ; . | ||
| 942 | _cBK | ||
| 999 |
_c10401 _d10401 |
||